Normal view MARC view
  • The Association for Project Management

Entry Corporate Name

Number of records used in: 1

001 - CONTROL NUMBER

  • control field: 5273

003 - CONTROL NUMBER IDENTIFIER

  • control field: SIRSI

005 - DATE AND TIME OF LATEST TRANSACTION

  • control field: 20190806150241.0

008 - FIXED-LENGTH DATA ELEMENTS

  • fixed length control field: 070713n| aaannaabn |n ana d

040 ## - CATALOGING SOURCE

  • Original cataloging agency: OSt
  • Transcribing agency: OSt

110 2# - HEADING--CORPORATE NAME

  • Corporate name or jurisdiction name as entry element: The Association for Project Management

670 ## - SOURCE DATA FOUND

  • Source citation: Standard Terms for the Appointment of a Project Manager, 1998